00617nam a2200193Ia 4500008004100000020001500041082001700056100002500073245004300098250000800141260004200149300003000191500001900221600002700240650001500267942000700282952011900289999001500408240925s9999 xx 000 0 und d a8178085909 a621.3815 BOY aBoylestad, Robert L. 0aElectronic Devices and Circuit Theory  a8th aSingapore:bPearson educationc,2004. axviii,816p.bNAfOriginal aIncludes Index aElectrical Engineering aTechnology cBK 001040708ELaUITUbUITUd2005-09-15eF.B.Cg650.00l0o621.3815 BOYpQ6361r2024-09-25 07:14:13w2024-09-25yBK c8860d8860